000 02093cam0a2200457 4500
001 13995
003 http://www.sudoc.fr/267545649
005 20260113154406.0
010 _a9782957958122
_d5 EUR
033 _ahttp://catalogue.bnf.fr/ark:/12148/cb47177373s
035 _a(OCoLC)1389839130
035 _aFRBNF47177373000000X
_zFRBNF47177373
073 0 _a9782957958122
090 _a13995
099 _o0
100 _a20230208d2022 m y0frey50 ba
101 0 _afre
102 _aFR
105 _ay ||||000by
181 _6z01
_ctxt
_2rdacontent
181 1 _6z01
_ai#
_bxxxe##
182 _6z01
_cn
_2rdamedia
182 1 _6z01
_an
183 1 _6z01
_anga
_2RDAfrCarrier
200 1 _a˜Les œeaux profondes
_eune commande de La Maison Théâtre dans le cadre du projet "Dans la cour de notre mythologie"
_bLIVR
214 0 _cLa Maison Théâtre
_dDL 2022
214 0 _aStrasbourg
215 _a1 vol. (49 p.)
215 _d21 cm
225 1 _a˜Les œcahiers théâtre
_v3
321 _aLa Revue des livres pour enfants
_c329
_x0398-8384
323 _a10 personnages
330 _aUn jour de pluie, une fille s’apprête à naître dans une famille de trois garçons : Alex, Bart et César — les ABC. Le prénom que veut lui donner son père doit prolonger la liste alphabétique, mais la mère choisit d’appeler son enfant Alma. Ligne de faille qui ne cessera de s’élargir au fil des années pour le père, prompt à dévorer son entourage. Esquisse d’un nouvel horizon pour tous les enfants du quartier arrivés à l’adolescence. En s’inspirant du mythe de Cronos, Céline BERNARD nous livre une histoire envoûtante racontée par un chœur d’adolescent·e·s prêt·e·s à plonger dans le grand fleuve de leur vie.
333 _aÀ partir de 13 ans
410 _t˜Les œcahiers théâtre
608 _3027824063
_aThéâtre pour la jeunesse
_2rameau
610 _ajeunesse
_aadolescence
_amythologie
700 1 _aBernard
_bCéline
700 1 _3196170400
_4070
801 3 _aFR
_bAbes
_c20251105
_gAFNOR
801 0 _aFR
_bFR-751131015
_c20230130
_gAFNOR